000
00467nam a2200181Ia 4500
008
100917s9999 xx 000 0 und d
082
_b
61339
100
_a
चिखले सुरेश
245
_a
ग म भ न
260
_b
मिरा प्रकाशन
_c
1975
300
_a
62
365
_b
6
520
_a
कादंबरी
630
_a
ग म भ न
650
_a
कादंबरी
730
_a
ग म भ न
942
_c
BOOK
999
_c
666733
_d
666730